[Event "Anti Cheating Blitz Cup"]
[Site "Chess.com INT"]
[Date "2020.05.20"]
[Round "10"]
[White "Pushkarev, Dmitry"]
[Black "Damia, Angelo"]
[Result "1-0"]
[WhiteElo "2379"]
[BlackElo "2289"]
[PlyCount "107"]
[EventDate "2020.05.20"]
[EventType "swiss (blitz)"]
[EventRounds "11"]
[EventCountry "USA"]
[SourceTitle "CBM 196 Extra"]
[Source "ChessBase"]
[SourceDate "2020.07.31"]
[SourceVersion "1"]
[SourceVersionDate "2020.07.31"]
[SourceQuality "1"]

1. e4 Nf6 2. Nc3 d5 3. e5 d4 4. Nce2 Ne4 5. c3 c5 6. d3 Nxf2 7. Kxf2 Nc6 8. Nf3 Bg4 9. Bf4 h6 10. h3 Bxf3 11. gxf3 g5 12. Bg3 Bg7 13. e6 f5 14. f4 Qd5 15. Bg2 Qxe6 16. Re1 Qg6 17. c4 0-0 18. Ng1 e5 19. fxe5 f4 20. Bh2 Nxe5 21. Be4 Qf6 22. Qh5 Rae8 23. Nf3 Kh8 24. Nxe5 Rxe5 25. Qg6 Qxg6 26. Bxg6 Re3 27. Kg2 Be5 28. Bg1 f3+ 29. Kf2 Bf4 30. Rxe3 Bxe3+ 31. Kf1 f2 32. Bh2 Kg7 33. Be4 Bf4 34. Bxf4 Rxf4 35. Kg2 b6 36. Rf1 Kf6 37. Rxf2 Ke5 38. Re2 Kf6 39. b3 h5 40. Bf3 g4 41. hxg4 hxg4 42. Bd5 Kg5 43. a4 Kh4 44. Rf2 Rxf2+ 45. Kxf2 g3+ 46. Kg2 Kg4 47. Bg8 Kf4 48. Bh7 Kg4 49. Be4 Kf4 50. Kh3 a6 51. Kg2 Kg4 52. Bb7 a5 53. Be4 Kf4 54. Kh3 1-0

[Event "Anti Cheating Blitz Cup"]
[Site "Chess.com INT"]
[Date "2020.05.20"]
[Round "4"]
[White "Pushkarev, Dmitry"]
[Black "Ning, Kaiyu"]
[Result "1-0"]
[WhiteElo "2379"]
[BlackElo "2327"]
[PlyCount "65"]
[EventDate "2020.05.20"]
[EventType "swiss (blitz)"]
[EventRounds "11"]
[EventCountry "USA"]
[SourceTitle "CBM 196 Extra"]
[Source "ChessBase"]
[SourceDate "2020.07.31"]
[SourceVersion "1"]
[SourceVersionDate "2020.07.31"]
[SourceQuality "1"]

1. e4 e6 2. d4 d5 3. Nc3 Nf6 4. Bg5 dxe4 5. Nxe4 Be7 6. Bxf6 gxf6 7. Nf3 f5 8. Nc3 a6 9. g3 b5 10. Bg2 Bb7 11. 0-0 c5 12. d5 b4 13. dxe6 bxc3 14. exf7+ Kf8 15. Qc1 Qb6 16. bxc3 Be4 17. Rb1 Qe6 18. Ng5 Bxg5 19. Qxg5 Nc6 20. Bxe4 fxe4 21. Qxc5+ Kxf7 22. Rb7+ Ne7 23. Qh5+ Kg7 24. Qg5+ Kf8 25. Re1 Rg8 26. Qf4+ Qf7 27. Qxe4 Re8 28. Re3 Rg6 29. Rf3 Rf6 30. Rxf6 Qxf6 31. Qxh7 Rd8 32. Rb1 Rd2 33. Rb8+ 1-0

[Event "Anti Cheating Blitz Cup"]
[Site "Chess.com INT"]
[Date "2020.05.20"]
[Round "2"]
[White "Pushkarev, Dmitry"]
[Black "Vidal Martinez, Salvador"]
[Result "1-0"]
[WhiteElo "2379"]
[BlackElo "1585"]
[PlyCount "123"]
[EventDate "2020.05.20"]
[EventType "swiss (blitz)"]
[EventRounds "11"]
[EventCountry "USA"]
[SourceTitle "CBM 196 Extra"]
[Source "ChessBase"]
[SourceDate "2020.07.31"]
[SourceVersion "1"]
[SourceVersionDate "2020.07.31"]
[SourceQuality "1"]

1. e4 c5 2. Nf3 e6 3. d4 cxd4 4. Nxd4 Nc6 5. Nc3 Qc7 6. f4 d6 7. Be3 Be7 8. Qf3 Nf6 9. 0-0-0 Nxd4 10. Bxd4 e5 11. Bb5+ Kf8 12. fxe5 dxe5 13. Qg3 Bd6 14. Be3 a6 15. Be2 Be6 16. Rhf1 Rc8 17. Bh6 Rg8 18. Rxf6 gxh6 19. Qf2 Rg6 20. Rxe6 Rxe6 21. Bg4 Qc5 22. Qxc5 Bxc5 23. Bxe6 fxe6 24. Rd7 Bd4 25. Kd2 b5 26. Rxh7 Kg8 27. Rxh6 Rf8 28. Nd1 Rf1 29. Rxe6 Rg1 30. Rg6+ Kf7 31. Rg3 b4 32. h4 Rh1 33. Rh3 Rxh3 34. gxh3 Kg6 35. c3 bxc3+ 36. bxc3 Bc5 37. Ne3 Kh5 38. Nc4 Kxh4 39. Nxe5 Kxh3 40. Kd3 Kg3 41. Kc4 Ba7 42. Kd5 Kf4 43. Nc6 Bb6 44. e5 Kf5 45. e6 Kf6 46. Kd6 Bc5+ 47. Kd7 Ba3 48. e7 Bxe7 49. Nxe7 Ke5 50. Kc6 Ke6 51. Nd5 a5 52. Nb6 Ke7 53. c4 Kd8 54. c5 a4 55. Nxa4 Kc8 56. Nb6+ Kb8 57. a4 Ka7 58. Kb5 Kb8 59. Nd5 Kb7 60. c6+ Kb8 61. Kb6 Kc8 62. c7 1-0

[Event "Titled Tuesday intern op 19th May"]
[Site "Chess.com INT"]
[Date "2020.05.19"]
[Round "6"]
[White "Almeida Quintana, Omar"]
[Black "Pushkarev, Dmitry"]
[Result "1/2-1/2"]
[WhiteElo "2535"]
[BlackElo "2379"]
[PlyCount "133"]
[EventDate "2020.05.19"]
[EventType "swiss (blitz)"]
[EventRounds "10"]
[EventCountry "USA"]
[SourceTitle "EXT 2021"]
[Source "ChessBase"]
[SourceDate "2020.10.23"]
[SourceVersion "1"]
[SourceVersionDate "2020.10.23"]
[SourceQuality "1"]

1. d4 Nf6 2. c4 c5 3. d5 e6 4. Nc3 exd5 5. cxd5 d6 6. e4 g6 7. h3 Bg7 8. Nf3 a6 9. a4 Nbd7 10. Bf4 0-0 11. Bd3 Qe7 12. 0-0 Ne8 13. Re1 Ne5 14. Nxe5 Bxe5 15. Qd2 Bd7 16. a5 Nc7 17. Bf1 Nb5 18. Bxe5 Qxe5 19. Bxb5 axb5 20. f4 Qd4+ 21. Qxd4 cxd4 22. Ne2 d3 23. Nd4 Rfc8 24. Rad1 Rxa5 25. Rxd3 Ra4 26. e5 Rcc4 27. e6 Be8 28. exf7+ Bxf7 29. Nxb5 Ra6 30. Re7 Rb6 31. Nc3 Kf8 32. Re4 Rxe4 33. Nxe4 Ke7 34. b3 Rb4 35. Re3 h6 36. g3 Rd4 37. Nc3+ Kd7 38. Kf2 Bxd5 39. Nxd5 Rxd5 40. Kf3 b5 41. g4 b4 42. Ke2 Kc6 43. Re4 Kc5 44. Ke3 Rd1 45. Rc4+ Kb5 46. Rd4 Rh1 47. Rxd6 Rxh3+ 48. Ke4 Rxb3 49. Rxg6 Rg3 50. Kf5 b3 51. Rxh6 Rg1 52. Rh8 Kc4 53. Rb8 Kc3 54. g5 b2 55. Kg6 b1Q+ 56. Rxb1 Rxb1 57. f5 Kd4 58. f6 Ke5 59. f7 Rf1 60. Kg7 Ke6 61. g6 Ke7 62. Kg8 Rf6 63. g7 Rxf7 64. Kh8 Rf1 65. g8Q Rh1+ 66. Qh7+ Rxh7+ 67. Kxh7 1/2-1/2

[Event "Titled Tuesday intern op 19th May"]
[Site "Chess.com INT"]
[Date "2020.05.19"]
[Round "8"]
[White "Pushkarev, Dmitry"]
[Black "Kuzubov, Yuriy"]
[Result "0-1"]
[WhiteElo "2379"]
[BlackElo "2643"]
[PlyCount "96"]
[EventDate "2020.05.19"]
[EventType "swiss (blitz)"]
[EventRounds "10"]
[EventCountry "USA"]
[SourceTitle "EXT 2021"]
[Source "ChessBase"]
[SourceDate "2020.10.23"]
[SourceVersion "1"]
[SourceVersionDate "2020.10.23"]
[SourceQuality "1"]

1. e4 c6 2. d4 d5 3. Nc3 dxe4 4. Bc4 Nf6 5. f3 Bf5 6. g4 Bg6 7. g5 Nd5 8. Nxe4 Nd7 9. Ne2 e5 10. h4 Be7 11. c3 0-0 12. Kf2 Kh8 13. N2g3 exd4 14. cxd4 f5 15. Nc3 f4 16. Nge4 N7b6 17. Bb3 Bh5 18. Qd3 Ne3 19. Bd2 c5 20. Be6 c4 21. Qe2 Qxd4 22. Rac1 Rad8 23. Kg1 Qe5 24. Bh3 Nbd5 25. Nxd5 Qxd5 26. Rh2 Bg6 27. Rf2 Bxe4 28. fxe4 Qxe4 29. Bc3 Bc5 30. Qf3 Qxf3 31. Rxf3 Nd5+ 32. Kh2 Rde8 33. Bf1 Nxc3 34. Rcxc3 b5 35. b3 Bd4 36. bxc4 Bxc3 37. Rxc3 bxc4 38. Rxc4 Rc8 39. Ra4 Rc7 40. h5 Rc5 41. Rxa7 Rxg5 42. a4 Rxh5+ 43. Kg2 f3+ 44. Kf2 Rh2+ 45. Kg3 Rh1 46. Kf2 Rh2+ 47. Kg3 Ra2 48. Ra8 Rxa8 0-1

[Event "Titled Tuesday intern op 19th May"]
[Site "Chess.com INT"]
[Date "2020.05.19"]
[Round "7"]
[White "Vaishali, Ramesh Babu"]
[Black "Pushkarev, Dmitry"]
[Result "0-1"]
[WhiteElo "2393"]
[BlackElo "2379"]
[PlyCount "120"]
[EventDate "2020.05.19"]
[EventType "swiss (blitz)"]
[EventRounds "10"]
[EventCountry "USA"]
[SourceTitle "EXT 2021"]
[Source "ChessBase"]
[SourceDate "2020.10.23"]
[SourceVersion "1"]
[SourceVersionDate "2020.10.23"]
[SourceQuality "1"]

1. e4 c5 2. Nf3 e6 3. d4 cxd4 4. Nxd4 a6 5. Be2 Nf6 6. Nc3 Bb4 7. 0-0 Bxc3 8. bxc3 Nxe4 9. Bf3 Nc5 10. Ba3 d6 11. Rb1 Qc7 12. Re1 0-0 13. Qd2 Nbd7 14. Qg5 Ne5 15. Qg3 Nxf3+ 16. Nxf3 Bd7 17. Red1 Ne4 18. Bxd6 Nxg3 19. Bxc7 Ne2+ 20. Kf1 Nxc3 21. Rxd7 Nxb1 22. c4 Rac8 23. Ne5 Na3 24. Bd6 Nxc4 25. Nxc4 Rxc4 26. Bxf8 Kxf8 27. Rxb7 Rc1+ 28. Ke2 Rc2+ 29. Ke3 Rxa2 30. g4 g5 31. h3 Kg7 32. Kf3 Kf6 33. Kg3 h6 34. f3 a5 35. h4 a4 36. hxg5+ hxg5 37. Ra7 Ra1 38. f4 Ra3+ 39. Kf2 gxf4 40. Ra5 Kg6 41. Kg2 f6 42. Kf2 e5 43. Ra8 Kg5 44. Rg8+ Kh4 45. Kg2 Rg3+ 46. Kh2 a3 47. Rh8+ Kxg4 48. Ra8 Rb3 49. Rg8+ Kf3 50. Ra8 Rb2+ 51. Kh3 a2 52. Ra3+ Ke4 53. Kg4 Rg2+ 54. Kh3 f3 55. Ra4+ Kf5 56. Ra5 Kf4 57. Ra4+ e4 58. Ra5 f5 59. Ra4 Rb2 60. Ra6 f2 0-1

[Event "Titled Tuesday intern op 12th May"]
[Site "Chess.com INT"]
[Date "2020.05.12"]
[Round "1"]
[White "Pushkarev, Dmitry"]
[Black "Shapiro, David"]
[Result "0-1"]
[WhiteElo "2379"]
[BlackElo "2392"]
[PlyCount "210"]
[EventDate "2020.05.12"]
[EventType "swiss (blitz)"]
[EventRounds "10"]
[EventCountry "USA"]
[SourceTitle "EXT 2021"]
[Source "ChessBase"]
[SourceDate "2020.10.23"]
[SourceVersion "1"]
[SourceVersionDate "2020.10.23"]
[SourceQuality "1"]

1. e4 c6 2. d4 d5 3. e5 Bf5 4. h4 h5 5. Bd3 Bxd3 6. Qxd3 e6 7. Bg5 Be7 8. Nf3 Nh6 9. Nbd2 Nf5 10. c4 dxc4 11. Nxc4 Bb4+ 12. Ncd2 Qd5 13. a3 Ba5 14. b4 Bb6 15. Nb3 a5 16. bxa5 Bxa5+ 17. Nxa5 Rxa5 18. 0-0 Ra4 19. Rfb1 b5 20. Rb4 Ra7 21. Rc1 0-0 22. Rc5 Qd7 23. Nd2 Na6 24. Qc3 Nxb4 25. Qxb4 Qxd4 26. Rxc6 Qa1+ 27. Kh2 Qxa3 28. Qxb5 Qa4 29. Qxa4 Rxa4 30. g3 f6 31. exf6 gxf6 32. Bf4 e5 33. Rc5 Ra2 34. Ne4 exf4 35. Rxf5 fxg3+ 36. Kxg3 Kg7 37. Rxh5 Re8 38. Nd6 Re1 39. Rf5 Rg1+ 40. Kh2 Rd1 41. Ne4 Rd4 42. Nxf6 Rxh4+ 43. Kg3 Rh1 44. Ne8+ Kg6 45. Rf6+ Kh7 46. Rf4 Rg1+ 47. Kh2 Rg6 48. Nc7 Ra5 49. Rh4+ Kg8 50. Ne8 Re5 51. Nd6 Rxd6 52. f4 Rf5 53. Kg3 Rg6+ 54. Kf3 Kf7 55. Ke4 Ra5 56. Rh7+ Kf6 57. Rb7 Ra4+ 58. Kf3 Rg1 59. Rb6+ Ke7 60. Rb7+ Ke6 61. Rb6+ Kd7 62. Rb7+ Kc6 63. Re7 Ra3+ 64. Kf2 Rg4 65. Rf7 Kd5 66. f5 Ke4 67. f6 Rf3+ 68. Ke2 Rg2+ 69. Ke1 Rgf2 70. Re7+ Kd5 71. f7 Rxf7 72. Re8 Rf1+ 73. Ke2 R1f6 74. Rd8+ Ke5 75. Re8+ Re6 76. Ra8 Kf6+ 77. Kf3 Rd7 78. Ra3 Rf7 79. Kg4 Ke7 80. Kg5 Kf8 81. Ra8+ Kg7 82. Ra5 Rg6+ 83. Kh5 Rg1 84. Ra6 Rf5+ 85. Kh4 Rf6 86. Ra7+ Kg6 87. Ra5 Rf4+ 88. Kh3 Rf5 89. Ra6+ Kg5 90. Ra3 Rgf1 91. Kg2 R1f4 92. Kg3 Rg4+ 93. Kh3 Kh5 94. Ra8 Rf3+ 95. Kh2 Rc4 96. Kg2 Rfc3 97. Rh8+ Kg4 98. Rg8+ Kf4 99. Rf8+ Ke3 100. Re8+ Re4 101. Rd8 Rg4+ 102. Kh3 Kf4+ 103. Kh2 Rc2+ 104. Kh3 Rg3+ 105. Kh4 Rh2# 0-1

[Event "Buryatia-ch 3rd"]
[Site "Ulan-Ude"]
[Date "2015.01.07"]
[Round "5"]
[White "Pushkarev, Dmitry"]
[Black "Rovnov, Vladislav"]
[Result "1-0"]
[WhiteElo "2387"]
[BlackElo "1923"]
[PlyCount "91"]
[EventDate "2015.01.05"]
[EventType "swiss"]
[EventRounds "9"]
[EventCountry "RUS"]
[SourceTitle "CBM 164 Extra"]
[Source "ChessBase"]
[SourceDate "2015.03.02"]
[SourceVersion "1"]
[SourceVersionDate "2015.03.02"]
[SourceQuality "1"]

1. e4 e6 2. Nf3 d5 3. Nc3 d4 4. Ne2 c5 5. Ng3 Nc6 6. Bb5 Nf6 7. Bxc6+ bxc6 8. d3 Be7 9. 0-0 0-0 10. Nd2 Ba6 11. f4 Rb8 12. b3 Re8 13. Qe2 Bf8 14. a4 h6 15. Nh5 Nxh5 16. Qxh5 Qf6 17. e5 Qf5 18. Qe2 c4 19. bxc4 Bb4 20. Ne4 Red8 21. Rb1 Be7 22. Bd2 Rxb1 23. Rxb1 g5 24. Ng3 Qg6 25. fxg5 hxg5 26. Qe4 Qxe4 27. Nxe4 g4 28. Bg5 Bxg5 29. Nxg5 Kg7 30. Ne4 Rh8 31. Nf6 g3 32. hxg3 Kg6 33. g4 Kg5 34. Kf2 Rc8 35. Kg3 Rh8 36. Ne4+ Kg6 37. Nc5 Bc8 38. Rb8 Kg7 39. Ne4 Ba6 40. Rxh8 Kxh8 41. Kf4 Kg7 42. Nc5 Bc8 43. Kg5 a5 44. g3 Kg8 45. Kf6 Kf8 46. g5 1-0

[Event "Buryatia-ch Superfinal 2nd"]
[Site "Ulan-Ude"]
[Date "2014.01.11"]
[Round "9"]
[White "Shomoev, Anton"]
[Black "Pushkarev, Dmitry"]
[Result "1-0"]
[WhiteElo "2560"]
[BlackElo "2406"]
[PlyCount "55"]
[EventDate "2014.01.05"]
[EventType "swiss"]
[EventRounds "9"]
[EventCountry "RUS"]
[SourceTitle "EXT 2015"]
[Source "ChessBase"]
[SourceDate "2014.11.20"]
[SourceVersion "1"]
[SourceVersionDate "2014.11.20"]
[SourceQuality "1"]

1. d4 d5 2. c4 e6 3. Nc3 Nf6 4. cxd5 Nxd5 5. Nf3 c5 6. g3 Nxc3 7. bxc3 b6 8. Bg2 Bb7 9. 0-0 Nd7 10. e4 Bd6 11. d5 exd5 12. exd5 0-0 13. Re1 Qc7 14. c4 Rfe8 15. Bb2 Rad8 16. Qc2 f6 17. Re2 b5 18. cxb5 Rxe2 19. Qxe2 Bxd5 20. Ng5 fxg5 21. Bxd5+ Kh8 22. Re1 Nf6 23. Bc4 h6 24. Qe6 Ng8 25. Qg6 Bf8 26. Be5 Qd7 27. Re3 Nf6 28. Bxf6 1-0

[Event "Ulan-Ude Sangha"]
[Site "Ulan-Ude"]
[Date "2013.09.08"]
[Round "1"]
[White "Pushkarev, Dmitry"]
[Black "Badmatsyrenov, Oleg"]
[Result "1/2-1/2"]
[WhiteElo "2399"]
[BlackElo "2486"]
[PlyCount "50"]
[EventDate "2013.09.08"]
[EventType "tourn"]
[EventRounds "11"]
[EventCountry "RUS"]
[EventCategory "7"]
[SourceTitle "EXT 2018"]
[Source "ChessBase"]
[SourceDate "2017.10.13"]
[SourceVersion "1"]
[SourceVersionDate "2017.10.13"]
[SourceQuality "1"]

1. e4 e5 2. Nf3 Nf6 3. Nxe5 d6 4. Nf3 Nxe4 5. Nc3 Nxc3 6. dxc3 Be7 7. Bf4 0-0 8. Qd2 Nd7 9. 0-0-0 Re8 10. h4 Nc5 11. Be3 Be6 12. Kb1 c6 13. Nd4 a5 14. Nxe6 Nxe6 15. g4 d5 16. g5 Bc5 17. Bxc5 Nxc5 18. Bd3 Nxd3 19. cxd3 Qd7 20. Rde1 Qg4 21. Re3 d4 22. Rxe8+ Rxe8 23. Re1 Rd8 24. Qe2 Qxe2 25. Rxe2 Kf8 1/2-1/2

[Event "Buryatia-ch"]
[Site "Ulan-Ude"]
[Date "2013.01.05"]
[Round "6"]
[White "Baljiev, Chingiz"]
[Black "Pushkarev, Dmitry"]
[Result "1/2-1/2"]
[WhiteElo "2240"]
[BlackElo "2400"]
[PlyCount "74"]
[EventDate "2013.01.02"]
[EventType "swiss"]
[EventRounds "9"]
[EventCountry "RUS"]
[SourceTitle "CBM 152 Extra"]
[Source "ChessBase"]
[SourceDate "2013.02.25"]
[SourceVersion "1"]
[SourceVersionDate "2013.02.25"]
[SourceQuality "1"]

1. d4 d6 2. Nf3 g6 3. c4 Bg7 4. Nc3 Nf6 5. g3 0-0 6. Bg2 Nc6 7. 0-0 Rb8 8. b3 a6 9. e3 b5 10. Nd2 Bd7 11. Qe2 Na5 12. cxb5 axb5 13. b4 Nc6 14. a3 e5 15. d5 Ne7 16. Bb2 e4 17. Ndxe4 Nexd5 18. Nxd5 Nxd5 19. Bxg7 Kxg7 20. Nxd6 Nxe3 21. Qxe3 cxd6 22. Rfd1 Qf6 23. Qd4 Be6 24. Qxf6+ Kxf6 25. Rxd6 Rfc8 26. Rc6 Rxc6 27. Bxc6 Rb6 28. Bg2 Ke5 29. Rd1 Ra6 30. f4+ Kf6 31. Rd3 Bc4 32. Rc3 Rd6 33. Bb7 Rd7 34. Bc8 Rd8 35. Bb7 Rd7 36. Bc6 Rd6 37. Bf3 Rd2 1/2-1/2

[Event "Ulan-Ude Baikal Harbor"]
[Site "Ulan-Ude"]
[Date "2011.12.17"]
[Round "1"]
[White "Pushkarev, Dmitry"]
[Black "Dorzhiev, Erdem"]
[Result "1-0"]
[WhiteElo "2399"]
[BlackElo "1797"]
[PlyCount "79"]
[EventDate "2011.12.17"]
[EventType "swiss"]
[EventRounds "9"]
[EventCountry "RUS"]
[SourceTitle "EXT 2022"]
[Source "ChessBase"]
[SourceDate "2021.10.06"]
[SourceVersion "1"]
[SourceVersionDate "2021.10.06"]
[SourceQuality "1"]

1. c4 e5 2. Nc3 Nf6 3. g3 d5 4. cxd5 Nxd5 5. Bg2 Nb6 6. Nf3 Nc6 7. a3 Be7 8. b4 a6 9. Bb2 Nc4 10. Bc1 0-0 11. d3 Nd6 12. Bb2 Be6 13. Rc1 Rb8 14. Na4 f6 15. Nc5 Bc8 16. Qb3+ Nf7 17. Nxa6 bxa6 18. Rxc6 Bb7 19. Rc2 c5 20. Bc3 Qd7 21. Rb2 cxb4 22. axb4 Rfc8 23. 0-0 Bd5 24. Nxe5 Nxe5 25. Qxd5+ Qxd5 26. Bxd5+ Kf8 27. Bd2 a5 28. f4 Nc6 29. Bxc6 Rxc6 30. b5 Rc5 31. Rfb1 a4 32. Bb4 Rc7 33. Bxe7+ Kxe7 34. Ra2 Ra8 35. Rb4 a3 36. Rb3 Kd6 37. Raxa3 Rxa3 38. Rxa3 Rb7 39. Rb3 Kc5 40. g4 1-0

[Event "Ulan-Ude Sangha 2nd"]
[Site "Ulan-Ude"]
[Date "2011.06.08"]
[Round "7"]
[White "Pushkarev, Dmitry"]
[Black "Badmatsyrenov, Alexander"]
[Result "1/2-1/2"]
[WhiteElo "2417"]
[BlackElo "2298"]
[PlyCount "28"]
[EventDate "2011.06.04"]
[EventType "tourn"]
[EventRounds "9"]
[EventCountry "RUS"]
[EventCategory "7"]
[SourceTitle "EXT 2012"]
[Source "ChessBase"]
[SourceDate "2011.11.24"]
[SourceVersion "1"]
[SourceVersionDate "2011.11.24"]
[SourceQuality "1"]

1. e4 Nf6 2. e5 Nd5 3. d4 d6 4. Nf3 dxe5 5. Nxe5 c6 6. c4 Nb4 7. Be3 Bf5 8. Na3 Nd7 9. Nd3 e6 10. Nc2 Nxc2+ 11. Qxc2 Bb4+ 12. Bd2 Bxd2+ 13. Qxd2 0-0 14. Be2 Nf6 1/2-1/2

[Event "Ulan-Ude Sangha 2nd"]
[Site "Ulan-Ude"]
[Date "2011.06.07"]
[Round "5"]
[White "Khruschiov, Alexey"]
[Black "Pushkarev, Dmitry"]
[Result "0-1"]
[WhiteElo "2422"]
[BlackElo "2417"]
[PlyCount "56"]
[EventDate "2011.06.04"]
[EventType "tourn"]
[EventRounds "9"]
[EventCountry "RUS"]
[EventCategory "7"]
[SourceTitle "EXT 2012"]
[Source "ChessBase"]
[SourceDate "2011.11.24"]
[SourceVersion "1"]
[SourceVersionDate "2011.11.24"]
[SourceQuality "1"]

1. e4 c5 2. Nf3 e6 3. d4 cxd4 4. Nxd4 a6 5. Bd3 Bc5 6. Nb3 Be7 7. Qg4 g6 8. Qe2 d6 9. 0-0 Qc7 10. Na3 Nc6 11. Be3 Rb8 12. f4 Nf6 13. f5 gxf5 14. exf5 e5 15. c4 Nb4 16. Nb1 b5 17. N1d2 Nxd3 18. Qxd3 Rg8 19. cxb5 Rxb5 20. Rac1 Qd7 21. Nc4 Bb7 22. Rf2 Ne4 23. Rfc2 Qxf5 24. Ba7 Qe6 25. Ne3 Bg5 26. Re1 f5 27. Ree2 Bxe3+ 28. Bxe3 Rd5 0-1

[Event "Ulan-Ude op"]
[Site "Ulan-Ude"]
[Date "2011.01.16"]
[Round "3"]
[White "Pushkarev, Dmitry"]
[Black "Khantuev, Alexander"]
[Result "0-1"]
[WhiteElo "2417"]
[BlackElo "2347"]
[PlyCount "70"]
[EventDate "2011.01.15"]
[EventType "swiss"]
[EventRounds "9"]
[EventCountry "RUS"]
[SourceTitle "CBM 140 Extra"]
[Source "ChessBase"]
[SourceDate "2011.03.01"]
[SourceVersion "1"]
[SourceVersionDate "2011.03.01"]
[SourceQuality "1"]

1. e4 e6 2. d4 d5 3. Nc3 Nf6 4. e5 Nfd7 5. f4 c5 6. Nf3 Nc6 7. Be3 Be7 8. Qd2 0-0 9. dxc5 Bxc5 10. Bxc5 Nxc5 11. 0-0-0 Qa5 12. h4 Rd8 13. Qe3 Bd7 14. Rh3 Ne4 15. Nxe4 dxe4 16. Qxe4 Nb4 17. a3 Nxc2 18. Ng5 Rac8 19. Bc4 Ba4 20. Rxd8+ Rxd8 21. Rd3 Rxd3 22. Bxd3 Ne1 23. Qxh7+ Kf8 24. b4 Qb6 25. Qe4 Qf2 26. Nf3 Nxf3 27. Qxf3 Qe1+ 28. Kb2 Qd2+ 29. Kb1 Bb3 30. Qe4 Ba2+ 31. Ka1 Bd5 32. Qe2 Qc1+ 33. Bb1 Qxa3+ 34. Ba2 Qc1+ 35. Bb1 Qxf4 0-1

[Event "Ulan-Ude Sangha"]
[Site "Ulan-Ude"]
[Date "2010.06.09"]
[Round "6"]
[White "Pushkarev, Dmitry"]
[Black "Belozerov, Andrei"]
[Result "0-1"]
[WhiteElo "2432"]
[BlackElo "2495"]
[PlyCount "56"]
[EventDate "2010.06.04"]
[EventType "tourn"]
[EventRounds "9"]
[EventCountry "RUS"]
[EventCategory "9"]
[SourceTitle "EXT 2011"]
[Source "ChessBase"]
[SourceDate "2010.11.26"]
[SourceVersion "1"]
[SourceVersionDate "2010.11.26"]
[SourceQuality "1"]

1. e4 c5 2. Nf3 Nc6 3. d4 cxd4 4. Nxd4 g6 5. Nc3 Bg7 6. Be3 Nf6 7. Bc4 0-0 8. Bb3 a5 9. 0-0 a4 10. Nxa4 Nxe4 11. c4 d6 12. Nb5 Nc5 13. Nac3 Be6 14. Qe2 Na5 15. Bxc5 dxc5 16. Rad1 Qb6 17. Nd5 Bxd5 18. Rxd5 Nc6 19. Rfd1 Rfd8 20. Rxd8+ Rxd8 21. Rxd8+ Qxd8 22. h3 e6 23. Qd1 Nd4 24. Nxd4 Bxd4 25. Qd2 Qf6 26. Bd1 Bxb2 27. Bf3 b6 28. Qd6 Qf5 0-1

[Event "Ulan-Ude Sangha"]
[Site "Ulan-Ude"]
[Date "2010.06.08"]
[Round "5"]
[White "Battulga, Namkhai"]
[Black "Pushkarev, Dmitry"]
[Result "1/2-1/2"]
[WhiteElo "2395"]
[BlackElo "2432"]
[PlyCount "138"]
[EventDate "2010.06.04"]
[EventType "tourn"]
[EventRounds "9"]
[EventCountry "RUS"]
[EventCategory "9"]
[SourceTitle "EXT 2011"]
[Source "ChessBase"]
[SourceDate "2010.11.26"]
[SourceVersion "1"]
[SourceVersionDate "2010.11.26"]
[SourceQuality "1"]

1. e4 c5 2. Nf3 e6 3. d4 cxd4 4. Nxd4 a6 5. Bd3 Bc5 6. Nb3 Be7 7. f4 d6 8. Be3 Nf6 9. c4 Qc7 10. Nc3 b6 11. a4 Nc6 12. 0-0 0-0 13. Rc1 Nb4 14. Bb1 Bb7 15. Qd2 Qd8 16. Qe2 Rc8 17. Nd4 Qc7 18. b3 Qb8 19. f5 e5 20. Nc2 Nxc2 21. Bxc2 b5 22. axb5 axb5 23. Bf2 b4 24. Nb5 Bc6 25. Na7 Rc7 26. Ra1 Bd8 27. Ra6 Qb7 28. Rb6 Qxa7 29. Rxc6 Qxf2+ 30. Kxf2 Rxc6 31. Ra1 Bb6+ 32. Kf3 Bd4 33. Ra4 Rb8 34. Qe1 Bc3 35. Qh4 Bd4 36. g4 Rc7 37. Bd3 Bc5 38. g5 Ne8 39. Qg3 Rcc8 40. Qe1 Kf8 41. Bf1 Ra8 42. Qa1 Rxa4 43. Qxa4 f6 44. h4 Rc7 45. Be2 Ra7 46. Qc6 Ra1 47. Qd7 Rg1 48. Qd8 h6 49. gxh6 gxh6 50. Qa8 h5 51. Qb7 Rg7 52. Qa8 Rg1 53. Qd8 Rg7 54. Bd1 Rg1 55. Ke2 Rg4 56. Kf1 Rg1+ 57. Ke2 Rg4 58. Kd3 Rxh4 59. Qd7 Rh3+ 60. Kd2 Ng7 61. Qd8+ Ne8 62. Qd7 Ng7 63. Qc8+ Ne8 64. Be2 Rh2 65. Ke1 Rh1+ 66. Kd2 Rh2 67. Qd8 Rg2 68. Kd3 Rg3+ 69. Kc2 Rg2 1/2-1/2